|
|
|
|
| LEADER |
00000nam0a2200000 4500 |
| 001 |
70904 |
| 005 |
20231101212539.0 |
| 035 |
|
|
|a (RuTPU)RU\TPU\book\75476
|
| 090 |
|
|
|a 70904
|
| 100 |
|
|
|a 20041202d1969 km y0rusy50 ca
|
| 101 |
0 |
|
|a rus
|
| 102 |
|
|
|a RU
|
| 105 |
|
|
|a a z 001zy
|
| 200 |
1 |
|
|a Типоморфизм минералов
|e Сборник статей
|f Академия Наук СССР; Институт геологии рудных месторождений, петрографии, минералогии и геохимии; Под ред. Ф. В. Чухрова
|
| 210 |
|
|
|a Москва
|c Наука
|d 1969
|
| 215 |
|
|
|a 247 с.
|c ил.
|
| 320 |
|
|
|a Библиогр. в конце статей
|
| 606 |
1 |
|
|a Минералы
|x Типоморфные свойства
|2 stltpush
|3 (RuTPU)RU\TPU\subj\43987
|9 63388
|
| 610 |
1 |
|
|a минералогия
|
| 610 |
1 |
|
|a типоморфизм
|
| 610 |
1 |
|
|a свойства
|
| 610 |
1 |
|
|a сфалерит
|
| 610 |
1 |
|
|a антимониты
|
| 675 |
|
|
|a 549.01
|v 3
|
| 702 |
|
1 |
|a Чухров
|b Ф. В.
|4 340
|
| 712 |
0 |
2 |
|a Академия наук СССР (АН СССР)
|b Институт геологии рудных месторождений, петрографии, минералогии и геохимии (ИГЕМ)
|c (Москва)
|2 stltpush
|3 (RuTPU)RU\TPU\col\11398
|
| 801 |
|
1 |
|a RU
|b 63413507
|c 20041202
|g PSBO
|
| 801 |
|
2 |
|a RU
|b 63413507
|c 20151002
|g PSBO
|
| 942 |
|
|
|c BK
|